| 000 | 00918nam a22002537a 4500 | ||
|---|---|---|---|
| 999 |
_c14111 _d14111 |
||
| 003 | AR-CdUCM | ||
| 008 | 190422b ||||| |||| 00| 0 spa d | ||
| 040 |
_aMUNICIPALIDAD PROVINCIAL DEL CUSCO _cBIBLIOTECA MUNICIPAL DEL CUSCO |
||
| 082 |
_a985.04 / _bD57 |
||
| 100 |
_aDenegri Luna, Félix _918421 |
||
| 245 | _aAntologia de la independencia del Perú / | ||
| 260 |
_aLima : _bColegio militar Leoncio Prado, _c1972. |
||
| 300 |
_a682 paginas ; _bilustraciones, graficos, planos, _c24 cm. |
||
| 500 | _aDedicatoria a Luis Nieto | ||
| 505 | _aContenido: La ilustración -- conspiración -- cortes de cadiz -- libertad de imprenta -- sublevaciones... | ||
| 650 |
_aLiteratura _983 |
||
| 650 |
_aTupac Amaru _9623 |
||
| 650 |
_aPerú _935 |
||
| 650 |
_aIndependencia _9625 |
||
| 700 |
_aNieto Vélez, Armando _918422 |
||
| 700 |
_aDurand Flórez, Luis _922370 |
||
| 942 |
_2ddc _cLIBROS |
||
| 945 |
_apjha _d2019-04-22 |
||